00722cam a2200193 a 4500020001800000020001500018040001000033082002600043245010900069260007600178300003700254490005200291650003000343650002300373700002300396700002500419700002300444710006100467 a9789251070178 a9251070172 cBTCTA a333 FOO 2011 A013 Or.00aGovernance of marine protected areas in the least-developed countries :bcase studies from West Africa / aRome :bFood and Agriculture Organization of the United Nations,c2011. axi, 77 p. :bcol. maps ;c25 cm.1 aFAO fisheries and aquaculture technical paper ; 0aMarine parks and reserves 0aFishery management1 aWeigel, Jean-Yves.1 aFéral, François.1 aCazalet, Bertrand.2 aFood and Agriculture Organization of the United Nations.